Miejscowości w gminie Ciężkowice z mapą - Statystyki

Ogólne statystyki
  • Ten quiz został rozwiązany 5 razy
  • Średni wynik to 9 z 13
Odpowiedzi na mapie
Odpowiedzi zakodowano w zielono-czerwonej skali na mapie do tego quizu, zgodnie z poniższymi procentami.
 
Statystyki odpowiedzi
Miejscowość % Poprawnych
Bogoniowice
100%
Ciężkowice
100%
Zborowice
100%
Bruśnik
75%
Kąśna Dolna
75%
Kąśna Górna
75%
Ostrusza
75%
Pławna
75%
Falkowa
50%
Jastrzębia
50%
Kipszna
50%
Siekierczyna
50%
Tursko
50%
Nie znaleziono quizów pasujących do podanych kryteriów
Rozkład punktacji
Procent ludzi z każdym wynikiem
Percentyl według liczby udzielonych odpowiedzi
Twoja historia wyników
Nie rozwiązałeś tego quizu